[Event "19th EUR-ch"]
[Site "Batumi GEO"]
[Date "2018.03.17"]
[Round "1.114"]
[White "Arutinian, David"]
[Black "Kuchava, Ana"]
[Result "1-0"]
[WhiteElo "2536"]
[BlackElo "2149"]
[EventDate "2018.03.17"]
[PlyCount "91"]

1.d4 d5 2.c4 e6 3.Nf3 Nf6 4.Nc3 Be7 5.Bf4 c5 6.dxc5 Bxc5 7.e3 Nc6 8.a3 O-O
9.Qc2 Qa5 10.Rd1 Be7 11.Be2 a6 12.O-O dxc4 13.Bxc4 h6 14.h3 Rd8 15.Ba2 Bd7
16.e4 Be8 17.e5 Nh7 18.Ne4 Rac8 19.Bd2 Qc7 20.Bc3 Nf8 21.Bb1 Rd5 22.Rxd5 
exd5 23.Ng3 d4 24.Bxd4 Nxd4 25.Nxd4 Qxc2 26.Nxc2 Rc5 27.f4 Bb5 28.Nf5 Bd8 
29.Rd1 Bb6 30.Ne7+ Kh8 31.Kh2 Ba4 32.Rd2 g5 33.Rd6 Bxc2 34.Bxc2 Rxc2 35.
Rxh6+ Nh7 36.Rxb6 gxf4 37.Kg1 Re2 38.Rxb7 Rxe5 39.Nc6 Rc5 40.Nd8 Rc1+ 41.
Kf2 Rc2+ 42.Kf3 Ng5+ 43.Kxf4 Rxg2 44.h4 Nh3+ 45.Kf3 Rd2 46.Nxf7+ 1-0

[Event "19th EUR-ch"]
[Site "Batumi GEO"]
[Date "2018.03.17"]
[Round "1.115"]
[White "Yeritsian, Hayk"]
[Black "Meskovs, Nikita"]
[Result "1-0"]
[WhiteElo "2149"]
[BlackElo "2536"]
[EventDate "2018.03.17"]
[PlyCount "59"]

1.d4 Nf6 2.c4 e6 3.g3 c5 4.d5 exd5 5.cxd5 d6 6.Bg2 g6 7.Nc3 Bg7 8.Nf3 O-O 
9.O-O Re8 10.Nd2 Nbd7 11.a4 a6 12.h3 Qc7 13.Nc4 Nb6 14.Ne3 Bd7 15.Bd2 a5 
16.Qb3 c4 17.Qa3 Bf8 18.Rac1 Qc8 19.Kh2 Re5 20.f4 Rh5 21.h4 Be7 22.Be1 Bg4
23.Bf2 Ra6 24.b4 Nbd7 25.Kg1 Ra8 26.Rc2 axb4 27.Qxb4 Nc5 28.Nxc4 Bf5 29.
Nb6 Qe8 30.e4 1-0

[Event "19th EUR-ch"]
[Site "Batumi GEO"]
[Date "2018.03.17"]
[Round "1.116"]
[White "Triapishko, Alexandr"]
[Black "Eynullayev, Atilla"]
[Result "1/2-1/2"]
[WhiteElo "2530"]
[BlackElo "2147"]
[EventDate "2018.03.17"]
[PlyCount "101"]

1.e4 c5 2.Nf3 d6 3.d4 cxd4 4.Nxd4 Nf6 5.Nc3 a6 6.Rg1 b5 7.g4 Bb7 8.Bg2 h6 
9.e5 Bxg2 10.exf6 Bb7 11.fxe7 Bxe7 12.Nf5 O-O 13.Be3 Nc6 14.Nd5 Bg5 15.f4 
Bh4+ 16.Kf1 Be7 17.Bd4 f6 18.Bc3 Rf7 19.Ndxe7+ Nxe7 20.Nxd6 Qc7 21.Nxb7 
Qxb7 22.Rg2 Ng6 23.Rg3 Qh1+ 24.Rg1 Qxh2 25.Qd2 Qxf4+ 26.Qxf4 Nxf4 27.a4 
Rc8 28.axb5 axb5 29.Bd2 Nh3 30.Rg2 Rxc2 31.Bxh6 Rxg2 32.Kxg2 gxh6 33.Kxh3 
Rd7 34.Kh4 Kg7 35.Ra5 Rd5 36.Ra7+ Kg6 37.Rb7 Rc5 38.Rb6 Re5 39.Rb7 h5 40.
gxh5+ Rxh5+ 41.Kg3 Rd5 42.b4 Kf5 43.Kf3 Re5 44.Rb8 Rd5 45.Ke3 Ke5 46.Re8+ 
Kd6 47.Rf8 f5 48.Rd8+ Kc6 49.Rc8+ Kb6 50.Rb8+ Kc7 51.Rf8 1/2-1/2

[Event "19th EUR-ch"]
[Site "Batumi GEO"]
[Date "2018.03.17"]
[Round "1.117"]
[White "Gebigke, Martin"]
[Black "Baron, Tal"]
[Result "0-1"]
[WhiteElo "2132"]
[BlackElo "2529"]
[EventDate "2018.03.17"]
[PlyCount "114"]

1.d4 Nf6 2.c4 e6 3.Nc3 Bb4 4.e3 O-O 5.Bd3 c5 6.Nf3 b6 7.O-O Bb7 8.Na4 cxd4
9.a3 Bd6 10.exd4 Nc6 11.Re1 Rc8 12.Bg5 Be7 13.Rc1 Re8 14.Bb1 h6 15.Bf4 d6 
16.b4 Bf8 17.Bg3 Nb8 18.h3 Nbd7 19.Qd3 Ba6 20.b5 Bb7 21.Rcd1 g6 22.Ba2 Nh5
23.Bh2 Qf6 24.Qe3 Bxf3 25.Qxf3 Qxf3 26.gxf3 Ng7 27.Re2 Nf5 28.Bg3 Nf6 29.
Rd3 Red8 30.Nc3 Nh5 31.Kh2 g5 32.Red2 Ne7 33.Ne2 Ng6 34.a4 Re8 35.Kg2 f5 
36.Bb3 Rc7 37.Ra2 f4 38.Bh2 Nf6 39.a5 d5 40.cxd5 exd5 41.axb6 axb6 42.Bg1 
Bb4 43.Bd1 Ba5 44.Bb3 Kf7 45.Bd1 Nh4+ 46.Kh1 Nf5 47.Bb3 Nd6 48.Ba4 Ra8 49.
h4 Nf5 50.hxg5 hxg5 51.Kg2 Nh4+ 52.Kf1 Bb4 53.Rb3 Rc4 54.Rd3 Ke6 55.Bh2 
Bd6 56.Nc3 Bb4 57.Bg1 Nf5 0-1

[Event "19th EUR-ch"]
[Site "Batumi GEO"]
[Date "2018.03.17"]
[Round "1.118"]
[White "Ruck, Robert"]
[Black "Simonian, Latush"]
[Result "1-0"]
[WhiteElo "2529"]
[BlackElo "2111"]
[EventDate "2018.03.17"]
[PlyCount "69"]

1.Nf3 Nf6 2.c4 g6 3.d4 Bg7 4.g3 O-O 5.Bg2 c6 6.O-O d5 7.Nbd2 Bf5 8.b3 Ne4 
9.Bb2 a5 10.a3 a4 11.b4 b5 12.cxb5 cxb5 13.Ne5 Nd7 14.Nc6 Qe8 15.Nxe4 dxe4
16.g4 Bxg4 17.Bxe4 Bh3 18.Re1 Rc8 19.Qd3 Be6 20.Qxb5 Nf6 21.Bg2 Qd7 22.
Rac1 Bb3 23.Qc5 Kh8 24.b5 Qg4 25.Qc3 Qg5 26.Qd3 Nh5 27.Bc3 f5 28.e3 e6 29.
Qe2 Nf6 30.f4 Qh4 31.Qf2 Qg4 32.Ne5 Qh5 33.Qf3 Qh4 34.Qg3 Qxg3 35.hxg3 1-0

[Event "19th EUR-ch"]
[Site "Batumi GEO"]
[Date "2018.03.17"]
[Round "1.119"]
[White "Mochalin, Faddey"]
[Black "Kantor, Gergely"]
[Result "0-1"]
[WhiteElo "2110"]
[BlackElo "2527"]
[EventDate "2018.03.17"]
[PlyCount "41"]

1.e4 e5 2.Nf3 Nc6 3.Bc4 Bc5 4.O-O Nf6 5.d3 d6 6.c3 h6 7.h3 O-O 8.Re1 Bb6 
9.Nbd2 Ne7 10.d4 c6 11.Bb3 Ng6 12.Nf1 Re8 13.Ng3 d5 14.Qc2 Bc7 15.Be3 Be6 
16.Rad1 Qc8 17.Qc1 Nf4 18.Nxe5 Nxg2 19.Kxg2 Bxh3+ 20.Kg1 Bxe5 21.Rd2 0-1

[Event "19th EUR-ch"]
[Site "Batumi GEO"]
[Date "2018.03.17"]
[Round "1.120"]
[White "Repka, Christopher"]
[Black "Vardanian, Hamazasp"]
[Result "1-0"]
[WhiteElo "2524"]
[BlackElo "2109"]
[EventDate "2018.03.17"]
[PlyCount "51"]

1.Nf3 f5 2.d3 g6 3.e4 d6 4.h4 h6 5.Nc3 Nf6 6.e5 Ng4 7.Bf4 Bg7 8.d4 O-O 9.
Bc4+ e6 10.Bb3 d5 11.Ne2 c5 12.c4 dxc4 13.Bxc4 Nc6 14.O-O cxd4 15.Nexd4 
Nxd4 16.Qxd4 Qxd4 17.Nxd4 Bxe5 18.Bxe5 Nxe5 19.Bb3 Nd3 20.Rad1 Nc5 21.Bc4 
a5 22.Rfe1 Kf7 23.h5 gxh5 24.Re5 b6 25.Rxf5+ Kg7 26.Rxh5 1-0

[Event "19th EUR-ch"]
[Site "Batumi GEO"]
[Date "2018.03.17"]
[Round "1.121"]
[White "Samadov, Read"]
[Black "Djukic, Nikola"]
[Result "0-1"]
[WhiteElo "2099"]
[BlackElo "2523"]
[EventDate "2018.03.17"]
[PlyCount "90"]

1.e4 c5 2.Nf3 e6 3.d4 cxd4 4.Nxd4 a6 5.Bd3 Qc7 6.O-O Nf6 7.Qe2 d6 8.c4 
Nbd7 9.Nc3 Ne5 10.Bg5 Be7 11.Rac1 h6 12.Bd2 g5 13.b4 Bd7 14.Nb3 Nfg4 15.f4
Nxd3 16.Qxd3 gxf4 17.Qe2 Ne5 18.Bxf4 Nxc4 19.Rfe1 Qb6+ 20.Kh1 Ne5 21.Bxe5 
dxe5 22.Nc5 Rd8 23.Red1 Qxb4 24.Nxd7 Rxd7 25.Rxd7 Kxd7 26.Qd3+ Qd6 27.Qb1 
Qb8 28.Qd3+ Bd6 29.Rf1 Rf8 30.Rd1 Qc7 31.Qh3 Kc8 32.Nd5 Qc6 33.Qe3 Kb8 34.
Re1 Qb5 35.Qxh6 Qb2 36.Rd1 Rg8 37.Ne3 Bc5 38.Qh7 Rc8 39.Nf1 Qe2 40.Rc1 Bf2
41.Rb1 Qxa2 42.Rd1 Qe2 43.Rb1 Qc2 44.Ra1 Bd4 45.Re1 Qf2 0-1

[Event "19th EUR-ch"]
[Site "Batumi GEO"]
[Date "2018.03.17"]
[Round "1.122"]
[White "Kelires, Andreas"]
[Black "Grinev, Boris"]
[Result "1-0"]
[WhiteElo "2523"]
[BlackElo "2092"]
[EventDate "2018.03.17"]
[PlyCount "61"]

1.d4 d5 2.Nf3 c6 3.c4 Nf6 4.g3 Bf5 5.Nc3 e6 6.Nh4 Bg6 7.Nxg6 hxg6 8.Qd3 
Nbd7 9.Bg2 Be7 10.O-O O-O 11.Rd1 a6 12.e4 dxe4 13.Nxe4 Nxe4 14.Qxe4 Nf6 
15.Qe2 Re8 16.h4 Qc7 17.Bg5 Rad8 18.Rac1 Qb6 19.Be3 Qa5 20.a3 Qf5 21.Bg5 
Qa5 22.Bf3 Kf8 23.Rd3 Ng8 24.Be3 Nh6 25.b4 Qc7 26.d5 exd5 27.cxd5 Bf6 28.
dxc6 Nf5 29.cxb7 Qxc1+ 30.Bxc1 Rxe2 31.Rxd8+ 1-0

[Event "19th EUR-ch"]
[Site "Batumi GEO"]
[Date "2018.03.17"]
[Round "1.123"]
[White "Day, Thomas W."]
[Black "Yuffa, Daniil"]
[Result "0-1"]
[WhiteElo "2083"]
[BlackElo "2521"]
[EventDate "2018.03.17"]
[PlyCount "90"]

1.d4 Nf6 2.c4 g6 3.Nc3 Bg7 4.e4 O-O 5.e5 Ne8 6.f4 d6 7.Nf3 Nd7 8.Be3 b6 9.
Be2 c5 10.O-O e6 11.a3 Bb7 12.Qa4 cxd4 13.Bxd4 dxe5 14.fxe5 Nxe5 15.Bxe5 
Bxe5 16.Rad1 Qc7 17.Nxe5 Qxe5 18.Qd7 Qc5+ 19.Kh1 Bc6 20.Qd2 Ng7 21.b4 Qe5 
22.Bf3 Rac8 23.Rfe1 Qc7 24.Bxc6 Qxc6 25.Ne4 e5 26.Qd5 Nh5 27.Qxe5 Rfe8 28.
Qd5 Qxc4 29.Qd7 Qc6 30.Qxc6 Rxc6 31.g4 f5 32.gxf5 gxf5 33.Rg1+ Rg6 34.Nd6 
Re5 35.Nc4 Re7 36.Rd8+ Kg7 37.Nd6 Rxg1+ 38.Kxg1 Kg6 39.Kf2 Nf6 40.Kf3 Rc7 
41.Nb5 Rc2 42.Nxa7 Rxh2 43.Nb5 Kg5 44.Rd6 Ng4 45.Rd5 h5 0-1

[Event "19th EUR-ch"]
[Site "Batumi GEO"]
[Date "2018.03.17"]
[Round "1.124"]
[White "Kriebel, Tadeas"]
[Black "Melkonyan, Arshak"]
[Result "1/2-1/2"]
[WhiteElo "2520"]
[BlackElo "2082"]
[EventDate "2018.03.17"]
[PlyCount "51"]

1.e4 c6 2.Nf3 d5 3.exd5 cxd5 4.Ne5 e6 5.d4 Nc6 6.Be2 Nge7 7.O-O Qb6 8.Nf3 
Nf5 9.c4 dxc4 10.Nbd2 Nfxd4 11.Nxc4 Qc5 12.Nxd4 Qxd4 13.Qa4 Be7 14.Be3 Qf6
15.Rfd1 O-O 16.Bf3 e5 17.Nb6 Rb8 18.Nd5 Qe6 19.Nxe7+ Qxe7 20.Rac1 Nd4 21.
Bxd4 exd4 22.Qxa7 Be6 23.Qxd4 Ra8 24.Bxb7 Qxb7 25.Rb1 Rxa2 26.b4 1/2-1/2

[Event "19th EUR-ch"]
[Site "Batumi GEO"]
[Date "2018.03.17"]
[Round "1.125"]
[White "Ziroian, David"]
[Black "Steinberg, Nitzan"]
[Result "0-1"]
[WhiteElo "2080"]
[BlackElo "2518"]
[EventDate "2018.03.17"]
[PlyCount "84"]

1.e4 c5 2.Ne2 d6 3.g3 g6 4.Bg2 Bg7 5.c3 Nc6 6.d4 Bg4 7.f3 Bd7 8.dxc5 dxc5 
9.Be3 b6 10.Qc2 Nf6 11.Na3 O-O 12.O-O Qc8 13.Rad1 Rd8 14.Nf4 Ne5 15.Nd3 
Nxd3 16.Rxd3 Be6 17.Rxd8+ Qxd8 18.Rd1 Qc8 19.Bf1 Qc6 20.Bb5 Qc8 21.e5 Nd5 
22.Bf2 Bxe5 23.Qe4 Bxc3 24.Rxd5 Bxb2 25.Nc4 Bxd5 26.Qxd5 Bf6 27.Kg2 Rb8 
28.Ne5 Bxe5 29.Qxe5 Qd8 30.h4 Qd6 31.Qc3 Rd8 32.Bc4 Qf6 33.Qe3 e6 34.g4 
Qb2 35.h5 Rd2 36.Kg3 Qd4 37.Qxd4 cxd4 38.hxg6 hxg6 39.f4 Kf8 40.Kf3 Ke8 
41.Be1 Rd1 42.Bh4 Rd2 0-1

[Event "19th EUR-ch"]
[Site "Batumi GEO"]
[Date "2018.03.17"]
[Round "1.126"]
[White "Nguyen, Thai Dai Van"]
[Black "Uzunoglu, Efe Kerem"]
[Result "1-0"]
[WhiteElo "2517"]
[BlackElo "2060"]
[EventDate "2018.03.17"]
[PlyCount "52"]

1.e4 c5 2.Nf3 d6 3.d4 Nf6 4.Nc3 cxd4 5.Nxd4 g6 6.Be3 Ng4 7.Bc1 Nf6 8.f3 e5
9.Nb3 Be6 10.Be3 Be7 11.Qd2 b5 12.a4 b4 13.Nd5 Bxd5 14.exd5 Nbd7 15.a5 Qb8
16.Ra4 Qb7 17.Bc4 Rb8 18.O-O O-O 19.Rd1 Nc5 20.Nxc5 dxc5 21.Qe2 Bd6 22.Ba6
Qc7 23.g3 Rfe8 24.Bg5 e4 25.Bxf6 exf3 26.Qxf3 Rf8 1-0

[Event "19th EUR-ch"]
[Site "Batumi GEO"]
[Date "2018.03.17"]
[Round "1.127"]
[White "Henseler, Jorgen"]
[Black "Matinian, Nikita"]
[Result "0-1"]
[WhiteElo "2043"]
[BlackElo "2514"]
[EventDate "2018.03.17"]
[PlyCount "53"]

1.e4 c5 2.Nf3 d6 3.d4 cxd4 4.Nxd4 Nf6 5.Nc3 Nc6 6.Bg5 Bd7 7.Qd2 Rc8 8.
O-O-O Nxd4 9.Qxd4 Qa5 10.Bxf6 gxf6 11.Kb1 Qc5 12.Qd2 Bg7 13.Bd3 b5 14.Rhe1
a5 15.Nd5 e6 16.Ne3 Ke7 17.f4 Rhd8 18.f5 b4 19.Re2 a4 20.Rf1 a3 21.b3 Qd4 
22.Nd1 Rc5 23.Rf3 Rdc8 24.Rh3 h5 25.Rxh5 Kf8 26.g4 d5 27.Rh3 0-1

[Event "19th EUR-ch"]
[Site "Batumi GEO"]
[Date "2018.03.17"]
[Round "1.128"]
[White "Sprenger, Jan Michael"]
[Black "Morozov, Vitalij"]
[Result "1-0"]
[WhiteElo "2513"]
[BlackElo "2039"]
[EventDate "2018.03.17"]
[PlyCount "72"]

1.e4 c5 2.Nf3 d6 3.d4 cxd4 4.Nxd4 Nf6 5.Nc3 a6 6.g3 g6 7.Bg2 Bg7 8.O-O O-O
9.a4 Nc6 10.Nde2 Bd7 11.h3 Rc8 12.Be3 Na5 13.b3 Qc7 14.Qd2 Rfd8 15.Rac1 e6
16.Bg5 Bc6 17.Qf4 Qe7 18.Qh4 h6 19.Bxh6 Bxh6 20.Qxh6 d5 21.Qg5 Rc7 22.Rfd1
b6 23.e5 Ne8 24.Qe3 Rb8 25.Nd4 b5 26.axb5 Bxb5 27.h4 Ng7 28.Bxd5 Qc5 29.
Ne4 Qb6 30.Nf6+ Kf8 31.Qh6 Rd8 32.Qh8+ Ke7 33.Qxg7 exd5 34.c4 dxc4 35.Nf5+
gxf5 36.Rxd8 Nb7 1-0

[Event "19th EUR-ch"]
[Site "Batumi GEO"]
[Date "2018.03.17"]
[Round "1.129"]
[White "Soyunlu, Narmin"]
[Black "Kantans, Toms"]
[Result "0-1"]
[WhiteElo "2035"]
[BlackElo "2508"]
[EventDate "2018.03.17"]
[PlyCount "108"]

1.d4 Nf6 2.c4 e6 3.Nc3 Bb4 4.Nf3 b6 5.Bg5 Bb7 6.Nd2 h6 7.Bh4 O-O 8.e3 d6 
9.f3 Nbd7 10.Bd3 c5 11.a3 Ba5 12.Nce4 d5 13.cxd5 exd5 14.Nxf6+ Nxf6 15.O-O
Re8 16.Re1 c4 17.Bf5 b5 18.Qc2 Bc8 19.Rad1 Be6 20.Re2 Bb6 21.Nf1 Qd7 22.
Bxe6 Rxe6 23.Bf2 a5 24.Ng3 Rc8 25.Qd2 Qe7 26.Nf5 Qf8 27.Be1 g6 28.Ng3 Qe7 
29.Kh1 Kh7 30.Ra1 h5 31.Nf1 Ne8 32.h3 Nd6 33.Bf2 Nf5 34.Ree1 h4 35.Kg1 Re8
36.Rec1 Qf6 37.Rc2 Nxe3 38.Nxe3 Rxe3 39.Bxe3 Rxe3 40.Kh1 Rd3 41.Qe1 Qxd4 
42.Re2 Qf4 43.Qc1 Rxf3 44.Qxf4 Rxf4 45.Rd2 d4 46.Re1 d3 47.Kh2 Bf2 48.Re7 
b4 49.axb4 axb4 50.Rd7 Be1 51.Rd1 Rf1 52.Rxe1 Rxe1 53.Rxf7+ Kg8 54.Rc7 c3 
0-1

[Event "19th EUR-ch"]
[Site "Batumi GEO"]
[Date "2018.03.17"]
[Round "1.130"]
[White "Maghalashvili, Davit"]
[Black "Turan, Asim"]
[Result "1-0"]
[WhiteElo "2508"]
[BlackElo "2024"]
[EventDate "2018.03.17"]
[PlyCount "63"]

1.Nf3 d5 2.g3 Nf6 3.Bg2 c6 4.O-O Bg4 5.d3 Nbd7 6.Nbd2 e5 7.e4 dxe4 8.dxe4 
Bc5 9.h3 Bxf3 10.Qxf3 O-O 11.a4 a6 12.a5 Re8 13.Nc4 Qc7 14.c3 Rad8 15.Rd1 
Be7 16.Be3 Bc5 17.Bd2 Be7 18.b4 Nf8 19.Qf5 Ng6 20.h4 Qc8 21.Be3 h5 22.Qxc8
Rxc8 23.Bh3 Rcd8 24.f3 Rxd1+ 25.Rxd1 Bf8 26.Bb6 Kh7 27.Kf2 Kg8 28.Ke2 Kh7 
29.Rd8 Rxd8 30.Bxd8 c5 31.bxc5 Bxc5 32.Bc8 1-0

[Event "19th EUR-ch"]
[Site "Batumi GEO"]
[Date "2018.03.17"]
[Round "1.131"]
[White "Ismayilov, Muhammad"]
[Black "Shengelia, David"]
[Result "0-1"]
[WhiteElo "2021"]
[BlackElo "2508"]
[EventDate "2018.03.17"]
[PlyCount "94"]

1.e4 g6 2.d4 Bg7 3.Nc3 a6 4.Bc4 b5 5.Bb3 Bb7 6.f3 d6 7.a4 b4 8.Na2 a5 9.c3
bxc3 10.bxc3 e6 11.Rb1 Ba6 12.Ne2 Nd7 13.Ba3 Nb6 14.O-O Ne7 15.Qc2 Nc4 16.
Bc1 O-O 17.f4 Qd7 18.Rf2 Rab8 19.g4 f5 20.gxf5 exf5 21.Ng3 fxe4 22.Nxe4 
Kh8 23.Ng3 Nf5 24.Nxf5 gxf5 25.Qd1 Qc6 26.Qf3 Qxf3 27.Rxf3 Bb7 28.Bxc4 
Bxf3 29.Rxb8 Rxb8 30.Kf2 Be4 31.Ke3 Re8 32.Kf2 Bf6 33.Be3 d5 34.Bf1 Bh4+ 
35.Ke2 Rb8 36.Nc1 Rb1 37.Bd2 Bc2 38.Ke3 Bxa4 39.Bd3 Rb8 40.Bxf5 Re8+ 41.
Kd3 Be1 42.Bh3 Bb5+ 43.Kc2 a4 44.f5 Bxd2 45.Kxd2 a3 46.Kc2 Bc4 47.f6 a2 
0-1

[Event "19th EUR-ch"]
[Site "Batumi GEO"]
[Date "2018.03.17"]
[Round "1.132"]
[White "Diermair, Andreas"]
[Black "Atakishiev, Elmar"]
[Result "1-0"]
[WhiteElo "2507"]
[BlackElo "1999"]
[EventDate "2018.03.17"]
[PlyCount "139"]

1.Nf3 d5 2.g3 Nf6 3.Bg2 Bf5 4.c4 c6 5.O-O dxc4 6.Na3 b5 7.b3 cxb3 8.axb3 
g6 9.Bb2 b4 10.Nc2 Bg7 11.Nxb4 Qb6 12.Bc3 O-O 13.d3 Nd5 14.Bxg7 Kxg7 15.
Nc2 Nb4 16.Nxb4 Qxb4 17.Ra4 Qb6 18.Qa1+ Kg8 19.b4 Rd8 20.Ne5 Be6 21.Rc1 
Bd5 22.Qc3 Bxg2 23.Kxg2 Qd4 24.Qxd4 Rxd4 25.e3 Rd5 26.d4 Kf8 27.Ra5 Rd8 
28.g4 f6 29.Nd3 Kf7 30.f4 Rc8 31.b5 a6 32.b6 Rd8 33.Kf3 Nd7 34.Rxc6 Rdb8 
35.b7 Rxb7 36.Raxa6 Rab8 37.f5 Rb3 38.Nf4 Nb6 39.Ra7 g5 40.Ng2 Nd5 41.Rd6 
R8b5 42.Rd8 Nb6 43.Rh8 Kg7 44.Re8 Nd5 45.Raa8 Rc3 46.Rad8 Ra3 47.Rg8+ Kh6 
48.Rge8 Kg7 49.Rg8+ Kh6 50.Ra8 Rab3 51.Rh8 Kg7 52.Rag8+ Kf7 53.Rf8+ Kg7 
54.Rhg8+ Kh6 55.Rf7 Rb8 56.Rgg7 Rh8 57.Kf2 Rb2+ 58.Kg3 Rb3 59.Kf3 Ra3 60.
Kf2 Ra2+ 61.Kg3 Ra3 62.h4 gxh4+ 63.Kxh4 Nxe3 64.Nf4 Ra4 65.g5+ fxg5+ 66.
Rxg5 Ng2+ 67.Rxg2 Rxd4 68.Rg4 Rc8 69.Rxe7 Rd6 70.Rg5 1-0

[Event "19th EUR-ch"]
[Site "Batumi GEO"]
[Date "2018.03.17"]
[Round "1.133"]
[White "Janiashvili, Mariami"]
[Black "Fernandez, Daniel Howard"]
[Result "0-1"]
[WhiteElo "1987"]
[BlackElo "2505"]
[EventDate "2018.03.17"]
[PlyCount "84"]

1.d4 b5 2.e4 a6 3.a4 Bb7 4.axb5 Bxe4 5.Nf3 axb5 6.Rxa8 Bxa8 7.Bxb5 e6 8.
O-O Nf6 9.c4 Be7 10.Nc3 O-O 11.Re1 d6 12.Ba4 Nbd7 13.Bc2 Bb7 14.Qe2 Re8 
15.Ng5 Nf8 16.Ba4 N6d7 17.Qg4 e5 18.c5 Bxg5 19.Bxg5 exd4 20.Rd1 f6 21.Qxd4
Ne6 22.Qb4 Nexc5 23.Be3 Nxa4 24.Qxa4 Kh8 25.Qa7 Qb8 26.Nb5 Bxg2 27.Nxc7 
Bf3 28.Qxb8 Rxb8 29.Rxd6 Rxb2 30.h3 h5 31.h4 Ne5 32.Kh2 Rb1 33.Ne6 Kh7 34.
Bd4 Rh1+ 35.Kg3 Rg1+ 36.Kh2 Rg2+ 37.Kh3 Nd3 38.Rd7 Ne1 39.Ng5+ Rxg5 40.
hxg5 Bg4+ 41.Kh4 Bxd7 42.Kxh5 g6+ 0-1

[Event "19th EUR-ch"]
[Site "Batumi GEO"]
[Date "2018.03.17"]
[Round "1.134"]
[White "Godena, Michele"]
[Black "Babukhadia, Levan"]
[Result "1-0"]
[WhiteElo "2505"]
[BlackElo "1968"]
[EventDate "2018.03.17"]
[PlyCount "41"]

1.e4 c5 2.Nf3 d6 3.Bc4 Nf6 4.d3 e6 5.Bb3 Be7 6.O-O O-O 7.Re1 Nc6 8.c3 d5 
9.e5 Nd7 10.d4 cxd4 11.cxd4 Qb6 12.Nc3 f6 13.exf6 Nxf6 14.Bg5 Bd6 15.Rc1 
Bd7 16.Ne5 Be8 17.Nxc6 bxc6 18.Rxe6 Bh5 19.Qd3 Rad8 20.Bxf6 gxf6 21.Rxd6 
1-0

[Event "19th EUR-ch"]
[Site "Batumi GEO"]
[Date "2018.03.17"]
[Round "1.136"]
[White "Sanikidze, Tornike"]
[Black "Yeremian, Alen"]
[Result "1-0"]
[WhiteElo "2501"]
[BlackElo "1961"]
[EventDate "2018.03.17"]
[PlyCount "79"]

1.e4 c5 2.Nf3 Nc6 3.Bb5 g6 4.O-O Bg7 5.Re1 Qc7 6.c3 e5 7.d3 Nge7 8.Be3 d6 
9.d4 exd4 10.cxd4 O-O 11.Nc3 Bg4 12.Bxc6 Qxc6 13.Rc1 Rad8 14.h3 Bxf3 15.
Qxf3 b6 16.Bg5 f6 17.Bf4 Rde8 18.Rcd1 f5 19.d5 Qd7 20.e5 dxe5 21.Bxe5 Bxe5
22.Rxe5 Nc8 23.Rde1 Rxe5 24.Rxe5 Re8 25.Rxe8+ Qxe8 26.Qf4 Qd7 27.Qb8 Kf7 
28.Nb5 Kf6 29.a4 Qe8 30.Nxa7 Qe1+ 31.Kh2 Nxa7 32.Qxb6+ Kg5 33.Qxc5 Qe5+ 
34.g3 Qb8 35.d6 Qb7 36.Qd4 Kh6 37.d7 Nc6 38.Qe3+ Kg7 39.Qc3+ Kf7 40.Qxc6 
1-0

[Event "19th EUR-ch"]
[Site "Batumi GEO"]
[Date "2018.03.17"]
[Round "1.137"]
[White "Trisha, Kanyamarala"]
[Black "Harutyunian, Tigran K."]
[Result "0-1"]
[WhiteElo "1956"]
[BlackElo "2501"]
[EventDate "2018.03.17"]
[PlyCount "134"]

1.Nf3 d5 2.c4 d4 3.b4 Bg4 4.Qb3 e6 5.Bb2 Bxf3 6.Qxf3 c6 7.Qe4 Bxb4 8.Qxd4 
Qxd4 9.Bxd4 Nf6 10.Bc3 a5 11.a3 Be7 12.e3 O-O 13.Be2 Ne4 14.O-O Rd8 15.Rd1
Nxc3 16.Nxc3 e5 17.Ra2 Na6 18.Na4 Nc7 19.Nc3 Ne6 20.Na4 g6 21.Rb1 Rab8 22.
Rb3 h5 23.Rab2 Rd7 24.Nb6 Rc7 25.Na4 Rd8 26.d3 b5 27.cxb5 cxb5 28.Rxb5 
Rc1+ 29.Bf1 Rxd3 30.Rb1 Rxb1 31.Rxb1 Rxa3 32.Nb6 Ra2 33.Bc4 Rc2 34.Bb3 Rc6
35.Ba4 Rc5 36.Nd7 Rd5 37.Bc6 Rd6 38.Ba4 e4 39.Nb6 Nc5 40.Nc8 Re6 41.Bb5 
Bf6 42.Bc4 Rc6 43.Na7 Rc7 44.Nb5 Rd7 45.g3 Rd2 46.Na3 Bb2 47.Bxf7+ Kxf7 
48.Nc4 Rc2 49.Nxb2 a4 50.Nxa4 Nxa4 51.Rb7+ Kf6 52.Rb4 Nc5 53.Rb6+ Ne6 54.
Rb4 Kf5 55.Rb5+ Rc5 56.Rb6 Ng5 57.Kg2 Nf3 58.Rb8 Ne1+ 59.Kf1 Nd3 60.Rf8+ 
Kg4 61.Kg2 Rc1 62.h3+ Kg5 63.h4+ Kg4 64.Kh2 Rf1 65.Kg2 Rxf2+ 66.Rxf2 Nxf2 
67.Kxf2 Kh3 0-1

[Event "19th EUR-ch"]
[Site "Batumi GEO"]
[Date "2018.03.17"]
[Round "1.138"]
[White "Kobo, Ori"]
[Black "Tarun, Kanyamarala"]
[Result "1-0"]
[WhiteElo "2500"]
[BlackElo "1920"]
[EventDate "2018.03.17"]
[PlyCount "71"]

1.Nf3 Nf6 2.c4 e6 3.g3 d5 4.Bg2 dxc4 5.O-O Nbd7 6.Qc2 a6 7.a4 Nc5 8.Na3 
Bd7 9.Nxc4 Bxa4 10.Rxa4 Nxa4 11.Nfe5 Nc5 12.d4 c6 13.dxc5 Bxc5 14.Nxf7 
Kxf7 15.Ne5+ Ke8 16.Qxc5 Qe7 17.Qc4 Rd8 18.Bg5 Qd6 19.Nd3 Kf7 20.Bf4 Qd4 
21.Ne5+ Ke7 22.Qb3 Rb8 23.Nxc6+ bxc6 24.Bxb8 Rd8 25.Bc7 Rd7 26.Bb6 c5 27.
e3 Qb4 28.Qxb4 cxb4 29.Bc5+ Kf7 30.Bxb4 Nd5 31.Bxd5 Rxd5 32.Rc1 Rb5 33.
Rc7+ Kg6 34.Bc3 e5 35.Rc6+ Kf5 36.Rxa6 1-0

[Event "19th EUR-ch"]
[Site "Batumi GEO"]
[Date "2018.03.17"]
[Round "1.139"]
[White "Asatrian, Gor"]
[Black "Hakobyan, Aram"]
[Result "0-1"]
[WhiteElo "1852"]
[BlackElo "2497"]
[EventDate "2018.03.17"]
[PlyCount "76"]

1.e4 c5 2.Nf3 a6 3.c3 d5 4.exd5 Qxd5 5.d4 Nf6 6.dxc5 Qxc5 7.Bd3 Bg4 8.Nbd2
Nc6 9.Qe2 e6 10.h3 Bh5 11.Ne4 Qa5 12.Nxf6+ gxf6 13.g4 Bg6 14.Bxg6 hxg6 15.
Qc4 f5 16.b4 Ne5 17.Qe2 Nxf3+ 18.Qxf3 Qe5+ 19.Kf1 fxg4 20.Qxb7 Qb5+ 21.
Qxb5+ axb5 22.Kg2 Bg7 23.Bb2 gxh3+ 24.Rxh3 Rxh3 25.Kxh3 Rd8 26.a4 bxa4 27.
Rxa4 Bxc3 28.Bxc3 Rd3+ 29.Kg2 Rxc3 30.Ra7 Rb3 31.Rb7 Kf8 32.b5 g5 33.b6 
Kg7 34.Rb8 Kf6 35.Rb7 e5 36.f3 Ke6 37.Rb8 Kf5 38.b7 Kf4 0-1

[Event "19th EUR-ch"]
[Site "Batumi GEO"]
[Date "2018.03.17"]
[Round "1.140"]
[White "Golubov, Saveliy"]
[Black "Naqopia, Giorgi"]
[Result "1-0"]
[WhiteElo "2495"]
[BlackElo "1849"]
[EventDate "2018.03.17"]
[PlyCount "55"]

1.e4 d6 2.d4 Nf6 3.Nc3 e5 4.Nge2 Nbd7 5.g3 Be7 6.Bg2 O-O 7.O-O c6 8.h3 Qc7
9.a4 b6 10.f4 Bb7 11.g4 a6 12.Kh1 b5 13.Ng3 g6 14.Be3 b4 15.Nce2 c5 16.c3 
bxc3 17.bxc3 cxd4 18.cxd4 Rfc8 19.Rc1 Qa5 20.g5 Rxc1 21.Bxc1 Ne8 22.fxe5 
dxe5 23.Qb3 Nd6 24.Ba3 Qb6 25.Qxb6 Nxb6 26.dxe5 Ndc8 27.Bxe7 Nxe7 28.Rb1 
1-0

[Event "19th EUR-ch"]
[Site "Batumi GEO"]
[Date "2018.03.17"]
[Round "1.141"]
[White "Qalichava, Akaki"]
[Black "Gabrielian, Artur"]
[Result "0-1"]
[WhiteElo "1796"]
[BlackElo "2493"]
[EventDate "2018.03.17"]
[PlyCount "76"]

1.e4 c5 2.Nf3 Nc6 3.d4 cxd4 4.Nxd4 Nf6 5.Nc3 d6 6.Bg5 e6 7.Qd2 a6 8.f3 Be7
9.O-O-O Qc7 10.h4 Nxd4 11.Qxd4 b5 12.h5 h6 13.Be3 Bb7 14.Kb1 Rc8 15.Qd2 b4
16.Ne2 d5 17.exd5 Nxd5 18.Bd4 e5 19.Bf2 O-O 20.Nc1 Bg5 21.Qd3 Rfd8 22.Qe2 
e4 23.Bh4 exf3 24.gxf3 Re8 25.Qf2 Be3 26.Qh2 Bf4 27.Qf2 Ne3 28.Rd4 Nxf1 
29.Rxf4 Qxf4 30.Rxf1 Rc4 31.Bg3 Qf5 32.Nb3 Rec8 33.Na1 Qxh5 34.Bd6 a5 35.
Qg3 Qg6 36.Qh2 R4c6 37.Be5 Qf5 38.f4 Rg6 0-1

[Event "19th EUR-ch"]
[Site "Batumi GEO"]
[Date "2018.03.17"]
[Round "1.142"]
[White "Flom, Gabriel"]
[Black "Tsotsonava, Elene"]
[Result "1-0"]
[WhiteElo "2493"]
[BlackElo "1789"]
[EventDate "2018.03.17"]
[PlyCount "99"]

1.d4 Nf6 2.c4 e6 3.Nc3 Bb4 4.g3 c5 5.Nf3 O-O 6.Bg2 Nc6 7.O-O Bxc3 8.bxc3 
d6 9.Bg5 h6 10.Bxf6 Qxf6 11.Rb1 Rd8 12.e3 e5 13.d5 Ne7 14.Nd2 Ng6 15.f4 
exf4 16.Ne4 Qe7 17.exf4 Bf5 18.Re1 Qd7 19.Re3 Re8 20.Qe2 Re7 21.Re1 Rae8 
22.Qd2 Qc7 23.h3 h5 24.Qf2 Qd7 25.Kh2 Bxe4 26.Bxe4 f5 27.Bf3 h4 28.Rxe7 
Rxe7 29.Rg1 Qa4 30.gxh4 Nxf4 31.h5 Qxc4 32.Qh4 Re2+ 33.Kh1 Qd3 34.Qxf4 Rf2
35.Rxg7+ Kxg7 36.Qg3+ Kh8 37.Qxf2 Qxc3 38.Bg2 Qa1+ 39.Qf1 Qe5 40.Bf3 a6 
41.Qe2 Qg3 42.Qe8+ Kg7 43.Qe7+ Kg8 44.Qe6+ Kh8 45.Qxf5 Qe1+ 46.Kg2 Qd2+ 
47.Kf1 Qc1+ 48.Kf2 Qd2+ 49.Be2 Qxa2 50.Qf6+ 1-0

[Event "19th EUR-ch"]
[Site "Batumi GEO"]
[Date "2018.03.17"]
[Round "1.143"]
[White "Orujov, Farid"]
[Black "Zanan, Evgeny"]
[Result "0-1"]
[WhiteElo "1770"]
[BlackElo "2493"]
[EventDate "2018.03.17"]
[PlyCount "90"]

1.d4 Nf6 2.Nf3 g6 3.c4 Bg7 4.Nc3 d5 5.cxd5 Nxd5 6.Bg5 Nxc3 7.bxc3 c5 8.e3 
O-O 9.Bd3 Nc6 10.O-O Qc7 11.Rc1 Rd8 12.Qe2 b6 13.Rfd1 Bb7 14.Bb1 Na5 15.e4
Re8 16.d5 e5 17.Bc2 f6 18.Be3 c4 19.Nh4 Bf8 20.Qf3 Qg7 21.Qg3 Bc8 22.Ba4 
Bd7 23.Bh6 Qf7 24.Bxd7 Qxd7 25.Bxf8 Rxf8 26.f4 exf4 27.Qxf4 Nb7 28.e5 fxe5
29.Qxc4 Nd6 30.Qc6 Qe7 31.Nf3 Rac8 32.Qa4 Rc4 33.Qb3 Rcf4 34.Re1 e4 35.Nd4
Qh4 36.Rf1 Rxf1+ 37.Rxf1 Rxf1+ 38.Kxf1 Qxh2 39.Ne6 Qh1+ 40.Kf2 Qh4+ 41.Ke2
Qg3 42.c4 Qxg2+ 43.Ke1 Qf3 44.Qb2 Qh1+ 45.Kd2 Nxc4+ 0-1